000 00707nam a2200241Ia 4500
003 OSt
005 20220925235458.0
006 a|||||r|||| 00| 0
007 ta
008 220923b |||||||| |||| 00| 0 eng d
037 _cGeneral Book
040 _aRTL
_cRTL
_beng
041 _2eng
_aeng
082 _aX:958-8.2.N8, M9
100 _aSingh Ram Chandra Prasad
_9301327
245 0 _aLanour nelfare administration in India
260 _a New Delhi
_bDeep & Deep India
_c1989
300 _a260p.
_ccm.
500 _aBibliography: p 248-255
650 _aSocial Scurity
_9267934
942 _hX:958-8.2.N8, M9
_cGB
_2CC
999 _c597358
_d597358